Los estiércoles pecuarios y su conservación / por D. José Ma Soler Coll ...
Descripción Física:
86 p. : il. ; 24 cm
Materias:
Adobs
MARC
| LEADER | 00000nam a2200000Ia 4500 | ||
|---|---|---|---|
| 001 | 898 | ||
| 008 | 160829s1950 xx 000 0 cat d | ||
| 080 | |a C-2-128 | ||
| 100 | |a Soler i Coll, Josep M. |q (Josep Maria), |d 1893-1971 |9 33471 | ||
| 245 | |a Los estiércoles pecuarios y su conservación / por D. José Ma Soler Coll ... | ||
| 260 | |a Barcelona : |b Diputación Provincial de Barcelona. Servicios Técnicos de Agricultura, |c 1950 | ||
| 300 | |a 86 p. : |b il. ; |c 24 cm | ||
| 650 | |a Adobs |9 33470 | ||
| 710 | 1 | |a Barcelona (Catalunya : Província). |b Servicios Técnicos de Agricultura |9 54614 | |
| 901 | |a Arxiu | ||
| 942 | |n 1 | ||
| 952 | |0 0 |1 0 |4 0 |6 C2128 |7 1 |9 43104 |a Arxiu |b Arxiu |d 2016-12-01 |l 0 |o C-2-128 |p 898 |r 2016-12-01 00:00:00 |w 2016-12-01 |y ARXIU | ||
| 999 | |c 45648 |d 45648 | ||